000 00575nam a22001577a 4500
020 _a9789381269213
082 _a629.895 BAT
100 _aBates, Martin
245 _aPIC microcontrollers : an introduction to microelectronics
250 _a3rd ed.
260 _aNew Delhi, India
_bElsevier, Newnes
_c2011
300 _axii, 441 p.
_bill. ;
500 _aRevision of: Introduction to microelectronic systems : the PIC 16F84 microcontroller. London : Arnold, 2000. Includes index.
650 _a1. Microcontrollers --Programming. 2. Programmable controllers.
942 _cBK
999 _c12567
_d12567